Jak mluví zvířátka : zvukové leporelo

Hlavní autor: Flamini, Lorella, 1963-
Jazyk: Čeština
Vydáno: Praha : Fragment, 2011
Vydání: 1. vyd.
Edice: Poznej zvuky
Témata:
Fyzický popis: [13] s. : vše barev. il. ; 23 x 26 cm
Knihy
Uloženo v:
LEADER 01568nam a2200469 a 4500
001 nkc20112219541
003 CZ PrNK
005 20211109113800.0
007 ta
008 110803s2011 xr a a 000 1 cze
015 |a cnb002219541 
020 |a 978-80-253-1267-4  |q (váz.) 
035 |a (OCoLC)752798515 
040 |a BOA001  |b cze  |d ABA001 
041 1 |a cze  |h ita 
072 7 |a 821-93-053.4  |x Literatura pro nejmenší děti  |2 Konspekt  |9 26 
080 |a 821-93-053.4  |2 MRF 
080 |a (086.7)  |2 MRF 
080 |a (0.025.2)  |2 MRF 
100 1 |a Flamini, Lorella,  |d 1963-  |7 mzk2005282643  |4 ill 
245 1 0 |a Jak mluví zvířátka :  |b zvukové leporelo 
250 |a 1. vyd. 
260 |a Praha :  |b Fragment,  |c 2011 
300 |a [13] s. :  |b vše barev. il. ;  |c 23 x 26 cm 
490 1 |a Poznej zvuky 
500 |a Přeloženo z italštiny 
500 |a Ilustrace Lorella Flamini 
500 |a Kartonové listy, zvukový modul na baterie 
521 8 |a Nevhodné pro děti do 3 let 
655 7 |a leporela  |7 fd132727  |2 czenas 
655 7 |a knihy se zvuky  |7 fd1130738  |2 czenas 
655 7 |a publikace pro nejmenší děti  |7 fd1060157  |2 czenas 
655 9 |a folding picture-books  |2 eczenas 
655 9 |a play and sound books  |2 eczenas 
655 9 |a publications for small children  |2 eczenas 
765 0 |t Suoni della fattoria  |9 Česky 
830 0 |a Poznej zvuky  |0 s 
910 2 |a BOA001  |b M3-1271.193 
990 |a BK 
995 |a 01 
991 |b 201108  |e db 
996 6 |b 2610485242  |c M3-1271.193  |l MZK  |r Sklad / do 24 hodin  |n 0  |p p.v.  |w 001195471  |u 000010  |a 1  |e BOA001  |j MZK50  |s P